[Event "HUN-chT2 Barcza 1819"]
[Site "Hungary"]
[Date "2018.09.23"]
[Round "1.12"]
[White "Nandin, Erdene Purevsuren"]
[Black "Acs, Kristof"]
[Result "1-0"]
[WhiteElo "1494"]
[BlackElo "1685"]
[PlyCount "97"]
[EventDate "2018.09.23"]
[EventType "team-tourn"]
[EventRounds "11"]
[EventCountry "HUN"]
[SourceTitle "CBM 189 Extra"]
[Source "ChessBase"]
[SourceDate "2019.06.03"]
[SourceVersion "1"]
[SourceVersionDate "2019.06.03"]
[SourceQuality "1"]
[WhiteTeam "Debrecen Sakkiskola"]
[BlackTeam "Szirmabesenyo"]
[WhiteTeamCountry "HUN"]
[BlackTeamCountry "HUN"]

1. e4 e5 2. Nf3 Nc6 3. Bc4 Bc5 4. c3 d6 5. h3 Nf6 6. d3 0-0 7. 0-0 h6 8. Nbd2 Bb6 9. Re1 Na5 10. Bb5 Bd7 11. Bxd7 Qxd7 12. Nf1 Rfe8 13. Ne3 Bxe3 14. Bxe3 Nc6 15. Nh4 d5 16. Qf3 Qe6 17. Nf5 Ne7 18. Qg3 Nxf5 19. exf5 Qxf5 20. Bxh6 Nh5 21. Qg5 Qxg5 22. Bxg5 c5 23. f3 d4 24. cxd4 exd4 25. Rac1 b6 26. a3 f6 27. Bd2 Ng3 28. Kf2 Nf5 29. b4 Rxe1 30. Bxe1 Rc8 31. g4 Nd6 32. Ke2 Re8+ 33. Kd1 Re3 34. bxc5 Rxd3+ 35. Kc2 Rxf3 36. cxd6 d3+ 37. Kd2 Kf7 38. Rc7+ Ke6 39. Rxg7 Kxd6 40. h4 f5 41. h5 Rh3 42. gxf5 Rxh5 43. Bg3+ Kc6 44. f6 Rh8 45. Rxa7 Rf8 46. f7 Kd5 47. Re7 Kd4 48. Bf4 b5 49. Bh6 1-0